000 00532nam a22001817a 4500
005 20241126071633.0
008 241126b |||||||| |||| 00| 0 eng d
020 _a409050318
041 _aEnglish
082 _a342.9 RAN
100 _lEnglish
245 _aMunicipal Law in the Cape of Good Hope /
_cTM Mullins
250 _aThird Edition
260 _aDurban:
_bButterworth and Company (Pty) Ltd,
_c1973
300 _bxxvi, 483 pages;
_c26 cm.
650 _aLegal practice
_bLaw
942 _cBK
_6ALISON_BN_VRIES
999 _c3263
_d3263